Escritores malagueños (Record no. 74387)

MARC details
000 -LEADER
campo de control de longitud fija 00583nam a2200181 i 4500
001 - NÚMERO DE CONTROL
campo de control 74387
003 - IDENTIFICADOR DE NÚMERO DE CONTROL
campo de control ES-MaACL
005 - FECHA Y HORA DE LA ÚLTIMA TRANSACCIÓN
campo de control 20240611140539.0
007 - CAMPO FIJO DE DESCRIPCIÓN FÍSICA--INFORMACIÓN GENERAL
campo de control de longitud fija t|
008 - DATOS DE LONGITUD FIJA--INFORMACIÓN GENERAL
campo de control de longitud fija 040917s1971 sp ||||1| spa d
100 1# - ENTRADA PRINCIPAL--NOMBRE DE PERSONA
Nombre de persona González Rivas, Trinidad.
9 (RLIN) 58914
245 10 - MENCIÓN DEL TÍTULO
Título Escritores malagueños
Resto del título : estudio bibliográfico /
Mención de responsabilidad, etc. Trinidad González Rivas ; prólogo de Alfonso Canales.
260 ## - PUBLICACIÓN, DISTRIBUCIÓN, ETC.
Lugar de publicación, distribución, etc. Málaga :
Nombre del editor, distribuidor, etc. [s.n.,
Fecha de publicación, distribución, etc. 1971] (
Fabricante Uramia)
300 ## - DESCRIPCIÓN FÍSICA
Extensión XIX, 233 p. ;
Dimensiones 23 cm.
700 0# - ENTRADA AGREGADA--NOMBRE PERSONAL
Nombre de persona Canales, Alfonso,
Fechas asociadas al nombre 1923-
9 (RLIN) 34387
852 ## - LOCALIZACIÓN
Ubicación ES-MaACL
Número de control de estantería C-43342
Sublocalización o colección R.80185
Holdings
Estatus retirado Estado de pérdida Estado de daño No para préstamo Biblioteca de origen Biblioteca actual Ubicación en estantería Fecha de adquisición Fuente de adquisición Total de préstamos Signatura topográfica completa Código de barras Visto por última vez Precio de reemplazo Tipo de ítem Koha
        Biblioteca del Ateneo de Madrid Biblioteca del Ateneo de Madrid Depósito 2 17/01/2008     C-43342 1077868 23/02/2023 23/02/2023 Libro impreso